| 000 | 01451nam a2200409 c 4500 | ||
|---|---|---|---|
| 001 | 15298 | ||
| 003 | ES-MaCES | ||
| 005 | 20150929135445.0 | ||
| 008 | 030710s2001 ve t m100 | spa d | ||
| 035 | _aCES20030009863m | ||
| 040 |
_aES-MaCES _bspa _cES-MaCES |
||
| 110 | 2 |
_aConsejo Consultivo Empresarial Andino _bReunión Ordinaria _n4ª _d2001 _cCaracas _92352 |
|
| 245 | 1 | 0 | _aIV Reunión Ordinaria del Consejo Consultivo Empresarial Andino, Caracas, 27 de abril de 2001 |
| 260 |
_a[S.l. _bs.n.] _c2001 |
||
| 300 |
_a[27] h. _c30 cm |
||
| 500 | _aTít. tomado de la cub | ||
| 500 | _aEn la port.: Consejo Económico y Social y Secretaría General, Comunidad Andina | ||
| 500 | _aEjempl. fotocopiado | ||
| 541 | _cGratuito | ||
| 650 | 4 |
_amercado común _927960 |
|
| 650 | 4 |
_aarancel _928008 |
|
| 650 | 4 |
_aparticipación de los empleadores _929937 |
|
| 650 | 4 |
_arelaciones comerciales _927965 |
|
| 650 | 4 |
_acomisión consultiva _929196 |
|
| 650 | 4 |
_aConsejos Económicos y Sociales _930859 |
|
| 650 | 4 |
_arelaciones interinstitucionales _930832 |
|
| 650 | 4 |
_aGrupo Andino _929594 |
|
| 650 | 4 |
_aEspaña _926964 |
|
| 650 | 4 |
_areunión _927009 |
|
| 653 | 1 | 0 | _aAdministración-Instituciones públicas |
| 650 | 4 |
_926752 _aUE |
|
| 710 | 2 |
_aConsejo Económico y Social (España) _92408 |
|
| 710 | 2 |
_aComunidad Andina _92223 |
|
| 902 | _aDOC Literatura gris | ||
| 942 |
_2CES _cBK _h6.3. |
||
| 999 |
_c15298 _d15298 |
||